Funciones de variable compleja
Saved in:
| Hovedforfatter: | |
|---|---|
| Format: | Bog |
| Sprog: | spansk |
| Udgivet: |
Washington, D.C
Secretaría General de la Organización de los Estados Americanos
1968
|
| Serier: | Serie de matemática, 8
|
| Fag: | |
| Tags: |
Tilføj Tag
Ingen Tags, Vær først til at tagge denne postø!
|
MARC
| LEADER | 00000nam a2200000 a 4500 | ||
|---|---|---|---|
| 001 | UCW0998 | ||
| 003 | CL-VaPUC | ||
| 008 | 900816e19680000US |||||||||||||||||spa|d | ||
| 082 | 0 | 4 | |a 515.9 |b NIE |2 21 |
| 100 | |a Nieto S., José I. |e autor |9 324758 | ||
| 245 | 1 | 0 | |a Funciones de variable compleja |
| 300 | |a 91 p | ||
| 942 | |c BK | ||
| 945 | |d 19900816 00:00:00 | ||
| 260 | |a Washington, D.C |b Secretaría General de la Organización de los Estados Americanos |c 1968 | ||
| 650 | 0 | |a Funciones de variables complejas |9 260212 | |
| 583 | |a last modification |c 19900816 00:00:00 |k Rodrigo Vera | ||
| 490 | 0 | |a Serie de matemática, 8 | |
| 999 | |c 215989 |d 215987 | ||
| 952 | |0 0 |1 0 |4 0 |6 515_900000000000000_NIE_1968 |7 0 |8 A |9 201318 |a BIBMAT |b BIBMAT |d 2019-11-14 |i 2684861 |o 515.9 NIE 1968 |p 2684861 |r 2025-01-07 |w 2019-11-14 |y BK |k MAT | ||